000 00317nam a2200133 a 4500
090 _aLB
_b04849
041 _aeng
245 _aLaw nÂș 9,433 of january 8, 1997 National water resource policy
250 _a2da ed.
260 _aBrasilia
_bMMA
_bSRH
_c1999
300 _a40 p.
942 _cIMPRESO
945 _d2007-06-12
999 _c5583
_d5583